| 000 | 00661nam a2200217 i 4500 | ||
|---|---|---|---|
| 001 | bg | ||
| 100 | 1 |
_aRUDNICKI, Stanisław _d(1926- ) |
|
| 245 | 1 | 0 |
_aKomentarz do ustawy o księgach wieczystych i hipotece / _cStanisław Rudnicki. |
| 250 | _aWyd. 3 zm. i uaktual. wg stanu prawnego na dzień 15 maja 2000 r. | ||
| 260 |
_aWarszawa : _bWydaw. Prawnicze, _c2000. |
||
| 300 |
_a441, [3] s. ; _c21 cm. |
||
| 504 | _aIndeks. | ||
| 650 | 9 |
_aHipoteka _xprawo _zPolska _ystan na 2000 r. |
|
| 020 | _a8321910394 | ||
| 040 | _cBPK | ||
| 041 | 0 | _apl | |
| 080 | _a347.2(438) | ||
| 920 | _a83-219-1039-4 | ||
| 942 | _cKS | ||
| 008 | s pl f |000 0 pol | ||
| 999 |
_c38616 _d38616 |
||
| 856 |
_uhttp://koha.tu.koszalin.pl/cgi-bin/koha/opac-detail.pl?biblionumber=38616 _yKatalog online BPK |
||